The Building and Approved Inspectors (Amendment) Regulations 2010 (Record no. 110644)

MARC details
000 -LEADER
fixed length control field 01329cad a22002895a 4500
001 - CONTROL NUMBER
control field L149825
008 - FIXED-LENGTH DATA ELEMENTS--GENERAL INFORMATION
fixed length control field 100430s2010 xxk f f000 0 eng d
035 ## - SYSTEM CONTROL NUMBER
System control number (Sirsi) u149825
041 0# - LANGUAGE CODE
Language code of text/sound track or separate title eng
050 04 - LIBRARY OF CONGRESS CALL NUMBER
Classification number 692.2 $2 18
110 2# - MAIN ENTRY--CORPORATE NAME
Corporate name or jurisdiction name as entry element United Kingdom
Form subheading Laws, etc
9 (RLIN) 5044
245 04 - TITLE STATEMENT
Title The Building and Approved Inspectors (Amendment) Regulations 2010
Medium [electronic resource]
260 ## - PUBLICATION, DISTRIBUTION, ETC.
Place of publication, distribution, etc. London
Name of publisher, distributor, etc. TSO
Date of publication, distribution, etc. 2010
490 #0 - SERIES STATEMENT
Series statement SI
Volume/sequential designation 2010: 719
520 ## - SUMMARY, ETC.
Summary, etc. Amend the Building Regulations 2000 (S.I. 2000/2531), the Building (Approved Inspectors etc.) Regulations 2000 (S.I. 2000/2532), the Building and Approved Inspectors (Amendment) Regulations 2009 (S.I. 2009/1219), and the Building (Amendment No.2) Regulations 2009 (S.I. 2009/2397).
521 2# - TARGET AUDIENCE NOTE
Target audience note Advanced
590 ## - LOCAL NOTE (RLIN)
Local note KA NTK
650 24 - SUBJECT ADDED ENTRY--TOPICAL TERM
Topical term or geographic name entry element BUILDING AND APPROVED INSPECTORS (AMENDMENT) REGULATIONS 2010
650 24 - SUBJECT ADDED ENTRY--TOPICAL TERM
Topical term or geographic name entry element BUILDING REGULATIONS 2000
650 24 - SUBJECT ADDED ENTRY--TOPICAL TERM
Topical term or geographic name entry element BUILDING (APPROVED INSPECTORS ETC.) REGULATIONS 2000
650 24 - SUBJECT ADDED ENTRY--TOPICAL TERM
Topical term or geographic name entry element BUILDING AND APPROVED INSPECTORS (AMENDMENT) REGULATIONS 2009
650 24 - SUBJECT ADDED ENTRY--TOPICAL TERM
Topical term or geographic name entry element BUILDING (AMENDMENT NO.2) REGULATIONS 2009
651 #4 - SUBJECT ADDED ENTRY--GEOGRAPHIC NAME
Geographic name England and Wales
Chronological subdivision 1543-
690 ## - LOCAL SUBJECT ADDED ENTRY--TOPICAL TERM (OCLC, RLIN)
Topical term or geographic name as entry element Building regulations
9 (RLIN) 6224
856 40 - ELECTRONIC LOCATION AND ACCESS
Uniform Resource Identifier <a href="https://www.opsi.gov.uk/si/si2010/uksi_20100719_en_1">https://www.opsi.gov.uk/si/si2010/uksi_20100719_en_1</a>
Public note View the Regulations free of charge at www.opsi.gov.uk...
942 ## - ADDED ENTRY ELEMENTS (KOHA)
Suppress in OPAC 0
Holdings
Withdrawn status Lost status Source of classification or shelving scheme Damaged status Not for loan Home library Current library Shelving location Date acquired Total Checkouts Full call number Barcode Date last seen Copy number Price effective from Koha item type
    Dewey Decimal Classification     Virtual Virtual Online 30/04/2010   ONLINE PUBLICATION 149825-2001 06/08/2019 1 06/08/2019 Book